1286 1816 1346 1611 1587 1058 1453 1466 1991 1920 1320 1298 1494 1715 1951 1430 1032 1917 1241 1912 1384 1602 1632 1452 1330 1444 1313 1247 1422 1740 1046 1609 1416 1457 1053 1486 1340 1274 1155 1593 1097 1136 1780 1218 1345 1574 1128 1471 1709 1201 1296 1198 1776 1608 1199 1417 1238 1708 1938 1219 1885 1674 1976 1557 1071 1445 1446 1004 1116 1152 1813 1613 1123 1068 1246 1342 1080 1143 1159 1740 1459 1600 1830 1127 1216 1262 1850 1080 1195 1032 1437 1572 1390 1574 1415 1782 1500 1780 1986 BCNSPRNW ULIB Ver.6.0+V

เปลี่ยนเป็นภาษาไทย

Change to English
 แสดงรายละเอียดบรรณานุกรม
  กลับหน้าหลัก

Brief Record : Get Marc (ISO 2709) : E-mail record : QR code < ปิดหน้าต่าง
LEADER : 00000nam 2200000uu 4500
001    13399111369
003     ULIB
008    110623s||||||||th 000 0 tha d
020    0766835456
024    9780766835450
060  4 WY195^bW585c 2002
100 1  White, Lois
245 00 Career success in nursing/^c Lois White
260    Australia:^bDelmar Thomson Learning,^c2002
300    77 p:^bill,
650  7 Practical Nursing^xVocation Guidedance
945    ^p690^l0^i016556
995    Kesorn
999 ^a ใช้งานได้ทุกระบบ
รายการนี้ยังไม่มีแท็ก
คุณยังไม่ได้ล็อกอิน คุณสามารถมีกิจกรรมร่วมกับเว็บไซต์ได้ แต่ต้องล็อกอินก่อน ::
  ล็อกอิน

รายการสื่อสารสนเทศ

ลำดับที่ ประเภท เลขเรียก/บาร์โค้ด สถานที่ สถานะ
- ไม่พบข้อมูล -

BibComment


ยังไม่เคยถูกคอมเมนท์

คอมเมนท์ทรัพยากรรายการนี้
  คอมเมนท์: Career success in..


 Copyright 2026. Bcnsprnw @Library